|
|
|
|
| LEADER |
00000nam a2200000 a 4500 |
| 001 |
vtls010299570 |
| 003 |
SK-MaSNL |
| 005 |
20260301031952.0 |
| 008 |
251029s2010 ru f 000 0drus |
| 020 |
|
|
|a 9785805502201
|q (brož.)
|
| 040 |
|
|
|a SNK
|b slo
|c SNK
|e AACR2
|
| 041 |
0 |
|
|a rus
|
| 044 |
|
|
|a ru
|c RU
|
| 072 |
|
7 |
|a 94(47+57)
|x Dejiny ZSSR a Ruska
|2 konspekt
|
| 080 |
|
|
|a 94(47+57)
|2 2001
|
| 080 |
|
|
|a 94(470+571)
|2 2001
|
| 080 |
|
|
|a (082)
|2 2001
|
| 245 |
0 |
0 |
|a XX vek v rossijskoj istorii
|b problemy, poiski, rešenija
|c [redaktor Pruckova, O. A.]
|
| 246 |
3 |
|
|a Dvadcatyj vek v rossijskoj istorii
|
| 260 |
|
|
|a Moskva
|b Institut rossijskoj istorii RAN
|c 2010
|
| 300 |
|
|
|a 417 s.
|c 21 cm
|
| 490 |
1 |
|
|a Trudy Centra "Rossija, SSSR v istorii XX veka" IRI RAN
|v Vypusk 1
|
| 648 |
|
7 |
|a 20. stor.
|2 SNKPH
|9 275975
|
| 648 |
|
7 |
|a 20th century
|2 SNKPHeng
|9 277995
|
| 650 |
0 |
7 |
|a Rusko
|2 SNKPH
|9 162943
|
| 651 |
|
7 |
|a Soviesky zväz
|x dejiny
|2 SNKPH
|9 328411
|
| 651 |
|
7 |
|a Russia
|x History
|2 SNKPHeng
|9 101487
|
| 651 |
|
7 |
|a Soviet Union
|x history
|2 SNKPHeng
|9 309873
|
| 655 |
|
7 |
|a zborníky
|2 SNKPH
|9 70165
|
| 655 |
|
7 |
|a Miscellanea
|2 SNKPHeng
|9 265155
|
| 700 |
1 |
|
|a Pruckova, O. A.
|4 red
|9 328412
|
| 830 |
|
0 |
|a Trudy Centra "Rossija, SSSR v istorii XX veka" IRI RAN
|9 328413
|
| 919 |
|
|
|a 978-5-8055-0220-1
|
| 999 |
|
|
|c 577606
|d 579536
|
| 952 |
|
|
|a SNK
|b SNK
|y VYP
|7 0
|p 17A0717509
|o snkID 98593
|i snk2011/18526
|8 2
|g 12.61
|0 0
|1 0
|4 0
|d 2011-08-10
|l 0
|r 2026-02-23 14:38:43
|w 2026-02-23
|